Online Catalogue and eLibrary

Adyapanaya ha samaja balawega (Record no. 5102)

MARC details
000 -LEADER
fixed length control field 00387nam a2200157Ia 4500
005 - DATE AND TIME OF LATEST TRANSACTION
control field 20250627015319.0
008 - FIXED-LENGTH DATA ELEMENTS--GENERAL INFORMATION
fixed length control field 240331s9999 xx 000 0 und d
082 ## - DDC Classification
Item Number - Author Mark ALA
Class No. 379
100 ## - MAIN ENTRY--PERSONAL NAME
Personal name Alahakoon,M.J
245 #0 - TITLE STATEMENT
Title Adyapanaya ha samaja balawega
260 ## - PUBLICATION, DISTRIBUTION, ETC.
Place of publication, distribution, etc. Colombo
Name of publisher, distributor, etc. Lake House book store
Date of publication, distribution, etc. 1986
300 ## - PHYSICAL DESCRIPTION
Extent (e.g. Volumes, Pages etc.) 340 p .,
650 ## - SUBJECT ADDED ENTRY--TOPICAL TERM
Topical term or geographic name entry element Education
650 ## - SUBJECT ADDED ENTRY--TOPICAL TERM
Topical term or geographic name entry element Social Power
942 ## - Koha item type (Biblio)
Koha item type Books in Stacks (Lending)
Holdings
Lost status Damaged status Collection code Home library Current library Shelving location Date acquired Full call number Accession Number Item type
    Lending WERC Library WERC Library Social Science Cupboard 03/31/2024 379.2 ALA 3346 Books in Stacks (Lending)

© WERC Library